000 01864nam a22002777a 4500
005 20120119172822.0
010 _aB-445727-733
020 _a9780143067122
_c499.00
035 _aB-445727-733
037 _adpl
_bPub
082 _aS
100 _aRuskin, Bond
_940843
245 _aDust on the mountain:
_bcollected stories /
_cby Ruskin Bond
260 _aNew Delhi
_bPenguin Books
_c2009
270 _a11 Community Centre, Panchsheel Park
_bNew Delhi
_e110017 (India)
300 _a613p.
_c21cm.(pbk)
942 _2ddc
_cEN
_mRUS
_hS
999 _c61248
_d61248